Movies Quiz

Random Movies or Clickable Quiz

Movie Days Quiz Stats

 Plays Quiz not verified by Sporcle

Score 0/25 Timer 06:00
0 Plays Today
% Correct
Fever
97.1%
Night
96.6%
Freaky
95.8%
13th
95.1%
Morning
94.9%
York
93.9%
Given
93.7%
Ways
90.5%
Every
87.8%
After
86.1%
14th
84.9%
Girl
84.3%
First
74.3%
% Correct
Ash
73.1%
Bloody
64.7%
Belgium
64.7%
Murder
61%
Never
55.4%
Mr.
53.6%
Black
36.7%
Clear
35.4%
Great
35.3%
Stormy
31.3%
Perfect
26.1%
Big
14.7%

You're not logged in!

Compare scores with friends on all Sporcle quizzes.
OR
Log In

Show Comments

Extras

Top Quizzes Today


Score Distribution

Your Account Isn't Verified!

In order to create a playlist on Sporcle, you need to verify the email address you used during registration. Go to your Sporcle Settings to finish the process.

Report this User

Report this user for behavior that violates our Community Guidelines.

Details: